| 000 | 00705nam a2200253Ia 4500 | ||
|---|---|---|---|
| 008 | 170711s9999 xx 000 0 und d | ||
| 020 | _a9781857597240 | ||
| 050 | _a395.22 | ||
| 050 | _bW686 2011 | ||
| 100 | _aWilkinson, James | ||
| 245 | 4 | _aThe royal wedding : | |
| 245 | _bthe official westminster Abbey souvenir / | ||
| 245 | _cby James Wilkinson. | ||
| 260 | _aLondon : | ||
| 260 | _bScala Publishers, | ||
| 260 | _c2011 | ||
| 300 | _a40 pages : | ||
| 300 | _bcolored illustrations ; | ||
| 300 | _c27cm. | ||
| 650 | _aCatherine, -- Duchess of Cambridge, -- 1982- | ||
| 650 | _aWestminister Abbey. | ||
| 650 | _aWilliam, -- Prince, Duke of Cambridge, -- 1982- | ||
| 700 | _aTitle. | ||
| 999 |
_c340019 _d340019 |
||